000 00404nam a2200157Ia 4500
008 210716s2001 xx 000 0 und d
020 _a9780130831446
041 _aeng
082 _a174.4 BEAT
100 _aBeauchamp Tom L; Bowie, Norman E.
245 _aEthical theory and business.
250 _a6
260 _aNew Jersey
_bPrentice Hall
_c2001
300 _axiv,699
650 _aBusiness Ethics
999 _c206507
_d206507